Biblioteca y Centro de Documentación

Vista normal Vista MARC

Entrada Nombre de reunión

Número de registros utilizados en: 1

001 - NÚMERO DE CONTROL

  • Campo de control: 1005

003 - IDENTIFICADOR DE NÚMERO DE CONTROL

  • Campo de control: ES-MaCES

005 - FECHA Y HORA DE LA ULTIMA MODIFICACION

  • Campo de control: 20070411132400.0

008 - ELEMENTOS DE DATOS DE LONGITUD FIJA

  • Campo de longitud fija: 070411 | azznnaabn |n ana d

035 ## - NÚMERO DE CONTROL DEL SISTEMA

  • Número de control del sistema: CES20070000112c

040 ## - FUENTE DE LA CATALOGACIÓN

  • Agencia original de catalogación: ES-MaCES
  • Idioma de catalogación: spa
  • Agencia de transcripción: ES-MaCES

111 2# - ENCABEZAMIENTO--NOMBRE DE REUNIÓN

  • Nombre de reunión o jurisdicción como elemento de entrada: Seminario sobre el Régimen Jurídico del Personal Docente e Investigador que está Vinculado Mediante Contrato de Trabajo a las Universidades Españolas
  • Fecha de reunión: 2006
  • Lugar de la reunión: Jaca

670 ## - FUENTE DE DATOS ENCONTRADOS

  • Fuente de citación: CD del CES

901 ## - CES. DATOS SIRTEX

  • ID Sirtex (N5N8): 0002400001104
  • 005BIS Sirtex: 200704111324ALORITE
© CES, Consejo Económico y Social de España 2021